00864cam a22002777a 4500003000500000005001700005008004100022010001000063011001000073035001000083040000900093082001500102110000800117245013900125260002300264300001000287410000800297490004300305650005400348650002100402650004500423650004600468700002100514810000800535830004300543CHAP20220817043318.0971013s1992 r 00010 d a71475 a72447 a82002 cCHAP a338.18bF5 aFAO 0aIntegration of food and agricultural policy with macroeconomic policyb: methodological considerations in a Latin American perspective aRome :bFAO,c1992 a76 p. aFAO 0aDesarrollo económico y socialv; 11114aAgriculturaxAspectos economicosxAmerica Latina.14aMacroeconomía.14aPolítica agrícolazAmérica Latina.14aPolítica alimentariaxAmérica Latina.0 aNorton, Roger D.0 aFAO00aDesarrollo económico y socialv; 111